[Event "Rated Blitz game"]
[Site "?"]
[Date "2021.07.28"]
[Round "?"]
[White "Katzik"]
[Black "kourosh311"]
[Result "1-0"]
[WhiteElo "2425"]
[BlackElo "2345"]
[PlyCount "69"]
[EventDate "2021.??.??"]
[EventType "blitz"]

1. e4 e5 2. Nf3 d5 3. exd5 e4 4. Qe2 Nf6 5. Nc3 Bf5 6. Nd4 Bg6 7. d3 Bc5 8. Nb3
Bb4 9. dxe4 Bxc3+ 10. bxc3 O-O 11. f3 a5 12. Be3 a4 13. Nd4 Nbd7 14. Qb5 Ne5
15. Be2 Nxe4 16. fxe4 Qh4+ 17. Bf2 Qxe4 18. O-O c6 19. dxc6 bxc6 20. Qc5 Rfd8
21. Rae1 Rd5 22. Qa3 c5 23. Nf3 Nd7 24. Bd3 Qg4 25. c4 Rh5 26. Re3 Nf6 27. Rfe1
h6 28. Bxg6 Qxg6 29. Qd3 Qg4 30. Bg3 g6 31. Be5 Nd7 32. Bc3 Nb6 33. Re8+ Rxe8
34. Rxe8+ Kh7 35. Rh8# {Normal} 1-0

[Event "Rated Blitz game"]
[Site "?"]
[Date "2021.07.28"]
[Round "?"]
[White "Dzon_Vejn"]
[Black "mirekkk14"]
[Result "1-0"]
[WhiteElo "2495"]
[BlackElo "2429"]
[PlyCount "135"]
[EventDate "2021.??.??"]
[EventType "blitz"]

1. e4 e5 2. Nf3 d5 3. exd5 e4 4. Qe2 Nf6 5. d3 Bb4+ 6. c3 O-O 7. dxe4 Nxe4 8.
cxb4 Re8 9. Be3 Qxd5 10. Nc3 Nxc3 11. bxc3 Bg4 12. Qc4 Bxf3 13. gxf3 Qxf3 14.
Rg1 Rxe3+ 15. fxe3 Qxe3+ 16. Qe2 Qxc3+ 17. Kf2 Nc6 18. Re1 g6 19. Rg3 Qxb4 20.
Bg2 Nd4 21. Qe4 Qd2+ 22. Kg1 c5 23. a4 Rd8 24. h4 Nf5 25. Rf3 b6 26. Kh2 Qd6+
27. Kg1 Qd4+ 28. Qxd4 Rxd4 29. h5 Kg7 30. hxg6 hxg6 31. a5 Ra4 32. axb6 axb6
33. Rb1 Nd4 34. Re3 b5 35. Re5 c4 36. Rd5 c3 37. Be4 Rc4 38. Bd3 c2 39. Rc1 Nb3
40. Rxc2 Rxc2 41. Bxc2 b4 42. Bxb3 f5 43. Rb5 Kf6 44. Rxb4 Kg5 45. Rb5 Kg4 46.
Kg2 f4 47. Rb4 g5 48. Rb5 Kh4 49. Be6 Kh5 50. Bf5 Kh6 51. Kf3 Kh5 52. Bg4+ Kg6
53. Rc5 Kf6 54. Rf5+ Kg6 55. Re5 Kf6 56. Ke4 Kg6 57. Rf5 Kg7 58. Ke5 Kg6 59.
Ke6 Kh6 60. Rf6+ Kg7 61. Kf5 f3 62. Rg6+ Kf7 63. Rxg5 Ke7 64. Ke5 Kd8 65. Rf5
Kc7 66. Rf6 Kb7 67. Rxf3 Ka6 68. Rf4 {Time forfeit} 1-0

[Event "Rated Blitz game"]
[Site "?"]
[Date "2021.07.28"]
[Round "?"]
[White "jcardonovich"]
[Black "jsequera"]
[Result "0-1"]
[WhiteElo "2294"]
[BlackElo "2427"]
[PlyCount "100"]
[EventDate "2021.??.??"]
[EventType "blitz"]

1. e4 e5 2. Nf3 d5 3. exd5 e4 4. Qe2 Nf6 5. Nc3 Qe7 6. Ng5 Bg4 7. Qe3 Bf5 8.
Bb5+ c6 9. dxc6 bxc6 10. Bc4 h6 11. Nxf7 Rh7 12. O-O Be6 13. Nxe4 Kxf7 14.
Bxe6+ Qxe6 15. d3 Nxe4 16. dxe4 Nd7 17. Kh1 Bc5 18. Qd3 Kg8 19. f4 Nf6 20. e5
Ng4 21. f5 Qd5 22. Qxd5+ cxd5 23. h3 Nxe5 24. Bf4 Nc4 25. b3 Ne3 26. Bxe3 Bxe3
27. Rad1 d4 28. Rf3 Rc8 29. c4 g6 30. fxg6 Re7 31. g4 Kg7 32. Rf5 Kxg6 33. Kg2
Rce8 34. Rdf1 Bg5 35. R1f3 Re2+ 36. Kg3 R2e3 37. h4 Rxf3+ 38. Rxf3 Be3 39. h5+
Kg7 40. Rf5 d3 41. Rd5 d2 42. Kf3 Bg5 43. c5 Re1 44. Rd7+ Kf8 45. b4 d1=Q+ 46.
Rxd1 Rxd1 47. Ke4 Rb1 48. a3 Bc1 49. Kd5 Bxa3 50. Kc4 Bxb4 {Normal} 0-1

[Event "Rated Rapid game"]
[Site "?"]
[Date "2021.07.28"]
[Round "?"]
[White "suns111"]
[Black "Juliateacher"]
[Result "0-1"]
[WhiteElo "2410"]
[BlackElo "2590"]
[PlyCount "70"]
[EventDate "2021.??.??"]
[EventType "rapid"]

1. e4 e5 2. Nf3 d5 3. exd5 e4 4. Qe2 Nf6 5. Nc3 Be7 6. Nxe4 O-O 7. d3 Nxd5 8.
Bd2 f5 9. Nc3 Bf6 10. Qd1 Re8+ 11. Be2 Bxc3 12. bxc3 Qe7 13. c4 Nf6 14. Bc3
Nbd7 15. Kf1 b6 16. Nd4 Ne5 17. Nf3 Neg4 18. h3 Nh6 19. Qd2 Bb7 20. Re1 Rad8
21. Bxf6 Qxf6 22. Kg1 Qb2 23. Kh2 a5 24. Ra1 Ng4+ 25. hxg4 fxg4 26. Rhb1 Qf6
27. Qd1 Rxe2 28. Qxe2 gxf3 29. Qe3 Qh4+ 30. Kg1 fxg2 31. f3 Rf8 32. Kxg2 Qg4+
33. Kh2 Bxf3 34. Qf2 Rf6 35. Qg3 Rh6+ {Time forfeit} 0-1

[Event "Rated Blitz game"]
[Site "?"]
[Date "2021.07.28"]
[Round "?"]
[White "Uchiki"]
[Black "KamranShirazi"]
[Result "1-0"]
[WhiteElo "2579"]
[BlackElo "2565"]
[PlyCount "59"]
[EventDate "2021.??.??"]
[EventType "blitz"]

1. e4 e5 2. Nf3 d5 3. exd5 e4 4. Ne5 Qxd5 5. Nc4 Nf6 6. Nc3 Qf5 7. d3 Bb4 8.
Bd2 Bxc3 9. Bxc3 O-O 10. Ne3 Qg6 11. h4 h6 12. h5 Qg5 13. Qd2 Nc6 14. O-O-O Re8
15. d4 a6 16. Kb1 b5 17. Be2 Rb8 18. d5 Ne5 19. d6 cxd6 20. Qxd6 Bb7 21. Rd2
Nc4 22. Nxc4 bxc4 23. Bxc4 e3 24. fxe3 Qxe3 25. Bxf6 gxf6 26. Rhd1 Kg7 27. Rd3
Qe7 28. Rg3+ Kh8 29. Qf4 Qf8 30. Qxf6+ {Normal} 1-0

[Event "Rated Rapid game"]
[Site "?"]
[Date "2021.07.28"]
[Round "?"]
[White "akram1960"]
[Black "Nobunaga_Oda"]
[Result "1-0"]
[WhiteElo "2449"]
[BlackElo "2429"]
[PlyCount "43"]
[EventDate "2021.??.??"]
[EventType "rapid"]

1. e4 e5 2. Nf3 d5 3. exd5 Bd6 4. c4 Nf6 5. Nc3 e4 6. Nd4 O-O 7. Be2 c5 8. Nc2
Re8 9. Ne3 a6 10. b3 Nbd7 11. Bb2 Ne5 12. O-O Qc7 13. h3 Ng6 14. Re1 Nf4 15.
Bf1 Bd7 16. d3 b5 17. Nxe4 Nxe4 18. dxe4 Qd8 19. Nf5 Bxf5 20. exf5 Qg5 21. Qg4
Qh6 22. g3 {Normal} 1-0

[Event "Rated Blitz game"]
[Site "?"]
[Date "2021.07.28"]
[Round "?"]
[White "NateRiver0"]
[Black "GoughPhar"]
[Result "0-1"]
[WhiteElo "2429"]
[BlackElo "2456"]
[PlyCount "67"]
[EventDate "2021.??.??"]
[EventType "blitz"]

1. e4 e5 2. Nf3 d5 3. d4 dxe4 4. Nxe5 Bd6 5. Nc3 Bxe5 6. dxe5 Qxd1+ 7. Kxd1 Bf5
8. Bf4 Nc6 9. Bc4 Nge7 10. Bg3 Ng6 11. e6 O-O-O+ 12. Ke2 fxe6 13. Rhd1 Nge5 14.
Bb3 Bg4+ 15. Ke3 Bxd1 16. Rxd1 Rxd1 17. Nxd1 Rd8 18. Nc3 Ng4+ 19. Kxe4 Nf6+ 20.
Kf3 Nd4+ 21. Ke3 Nxb3 22. axb3 Nd5+ 23. Nxd5 exd5 24. Kd4 c6 25. Ke5 Kd7 26. c4
Re8+ 27. Kd4 Re2 28. cxd5 Rxb2 29. dxc6+ Kxc6 30. Kc4 a5 31. h3 g6 32. h4 b5+
33. Kc3 Re2 34. Kd3 {Normal} 0-1

[Event "Rated Blitz game"]
[Site "?"]
[Date "2021.07.28"]
[Round "?"]
[White "dEsperaDOooooo"]
[Black "VVV-31"]
[Result "1-0"]
[WhiteElo "2440"]
[BlackElo "2278"]
[PlyCount "83"]
[EventDate "2021.??.??"]
[EventType "blitz"]

1. e4 e5 2. Nf3 d5 3. exd5 Bd6 4. Nc3 Nf6 5. d4 e4 6. Ne5 O-O 7. Bg5 h6 8. Bh4
Bf5 9. Qd2 Re8 10. Nc4 Bb4 11. O-O-O Nbd7 12. Be2 Nb6 13. Ne3 Bg6 14. g4 Qd6
15. Bxf6 Qxf6 16. a3 Bxc3 17. Qxc3 Qd6 18. Qb3 Rad8 19. c4 c5 20. dxc6 Qxc6 21.
Kb1 Qf6 22. c5 Nc8 23. Bc4 Rxd4 24. Qxb7 Ne7 25. Rxd4 Qxd4 26. Rd1 Qxc5 27. Qd7
Rc8 28. Bb3 Rb8 29. Ka2 Nc6 30. Rd2 Qb6 31. Qd5 Na5 32. Ba4 Kh7 33. b4 Nb7 34.
h4 f6 35. h5 Be8 36. Qxe4+ Kh8 37. Bc2 Bf7+ 38. Kb2 Kg8 39. Qh7+ Kf8 40. Nf5
Ke8 41. Qxg7 Qe6 42. Ba4+ {Normal} 1-0

[Event "Rated Blitz game"]
[Site "?"]
[Date "2021.07.28"]
[Round "?"]
[White "ipmanctes"]
[Black "annaly1979"]
[Result "0-1"]
[WhiteElo "2392"]
[BlackElo "2407"]
[PlyCount "112"]
[EventDate "2021.??.??"]
[EventType "blitz"]

1. e4 e5 2. Nf3 d5 3. d4 dxe4 4. Nxe5 Bd6 5. Nc4 Nf6 6. Nc3 h6 7. Be2 O-O 8.
O-O Nc6 9. Be3 Bf5 10. f3 Bg6 11. f4 a6 12. f5 Bh7 13. Nxd6 cxd6 14. a3 Rc8 15.
Qe1 Ne7 16. g4 Ned5 17. Bd2 e3 18. Bc1 Nxc3 19. bxc3 Ne4 20. Bxe3 Nxc3 21. Bd3
Re8 22. Qg3 Nd5 23. Bd2 b5 24. g5 hxg5 25. Bxg5 f6 26. Bd2 Qb6 27. Qf2 Nc3 28.
Rae1 d5 29. Rxe8+ Rxe8 30. Bxc3 Qc7 31. Bd2 Kh8 32. Re1 Re7 33. Rxe7 Qxe7 34.
Qe3 Qxa3 35. Qe8+ Bg8 36. Bf4 Qa1+ 37. Kg2 Qxd4 38. Bd6 Qg4+ 39. Kf2 Qh4+ 40.
Ke2 Kh7 41. Qg6+ Kh8 42. Kd2 d4 43. Bf8 Qf2+ 44. Kc1 Qe1+ 45. Kb2 Qc3+ 46. Kc1
Qe1+ 47. Kb2 Qb4+ 48. Kc1 Qxf8 49. Qh5+ Bh7 50. Kd2 Qb4+ 51. Ke2 Qe7+ 52. Kf2
Qe3+ 53. Kg2 Kg8 54. Qf3 Qg5+ 55. Qg3 Qd2+ 56. Kh3 Qh6+ {Time forfeit} 0-1

[Event "Rated Blitz game"]
[Site "?"]
[Date "2021.07.28"]
[Round "?"]
[White "ElenaNitoDelBosque"]
[Black "Schachelite"]
[Result "0-1"]
[WhiteElo "2479"]
[BlackElo "2512"]
[PlyCount "78"]
[EventDate "2021.??.??"]
[EventType "blitz"]

1. e4 e5 2. Nf3 d5 3. Nxe5 Bd6 4. d4 dxe4 5. Nc4 Nf6 6. Nxd6+ Qxd6 7. Be2 O-O
8. Be3 Nc6 9. O-O Rd8 10. c3 b6 11. Na3 Bb7 12. Qd2 Qe6 13. Bc4 Qe7 14. Rfe1
Na5 15. Bf1 c5 16. Rad1 Nc6 17. Nc2 Ng4 18. Bg5 Qd6 19. Qf4 Qxf4 20. Bxf4 cxd4
21. cxd4 Ne7 22. h3 Nf6 23. Bg5 Rd6 24. Ne3 Rad8 25. Rc1 Rxd4 26. Bxf6 gxf6 27.
Rc7 R4d7 28. Rec1 Bd5 29. Ng4 Kg7 30. Bb5 Rxc7 31. Rxc7 Nf5 32. Rxa7 Be6 33. b3
Rd1+ 34. Kh2 Rd2 35. a4 Bxb3 36. Rb7 e3 37. fxe3 Bd5 38. Rd7 Rxg2+ 39. Kh1 Ng3#
{Normal} 0-1

[Event "Rated Blitz game"]
[Site "?"]
[Date "2021.07.28"]
[Round "?"]
[White "SpikeReidz"]
[Black "yevkool1983"]
[Result "0-1"]
[WhiteElo "2413"]
[BlackElo "2364"]
[PlyCount "120"]
[EventDate "2021.??.??"]
[EventType "blitz"]

1. e4 e5 2. Nf3 d5 3. Nxe5 Qe7 4. d4 f6 5. Qh5+ g6 6. Nxg6 Qxe4+ 7. Be3 Qxg6 8.
Qxd5 Nc6 9. Bd3 Qf7 10. Qe4+ Nge7 11. O-O Bf5 12. Qf3 Be6 13. Nd2 O-O-O 14. c4
Rg8 15. d5 Bg4 16. Qf4 Ne5 17. Be4 N7g6 18. Bf5+ Bxf5 19. Qxf5+ Kb8 20. b3 Nh4
21. Qe4 Nxg2 22. Kh1 Nxe3 23. fxe3 Qe7 24. Nf3 Nxf3 25. Qxf3 Qe5 26. Qf5 Bd6
27. Qxe5 Bxe5 28. Rad1 Rg6 29. c5 Rdg8 30. Rd2 Kc8 31. a3 Kd7 32. b4 h5 33.
Rfd1 h4 34. Rf2 h3 35. Rf3 Rh8 36. Rg1 Rg2 37. Rxg2 hxg2+ 38. Kxg2 Rxh2+ 39.
Kg1 Ra2 40. e4 Re2 41. Rh3 Rxe4 42. Rh7+ Ke8 43. Rh8+ Kf7 44. Rb8 Re3 45. Rxb7
Rxa3 46. d6 Ke6 47. dxc7 Kd7 48. b5 Bd4+ 49. Kf1 Bxc5 50. Rb8 Kxc7 51. Rg8 Kb6
52. Rg6 Bd4 53. Ke2 Kxb5 54. Kd2 Kc4 55. Kc2 Ra2+ 56. Kb1 Rh2 57. Rg4 a5 58.
Kc1 a4 59. Rg3 a3 60. Kb1 a2+ {Time forfeit} 0-1

[Event "Rated Blitz game"]
[Site "?"]
[Date "2021.07.28"]
[Round "?"]
[White "man_man_lai"]
[Black "alaeldin1212"]
[Result "1-0"]
[WhiteElo "2519"]
[BlackElo "2376"]
[PlyCount "99"]
[EventDate "2021.??.??"]
[EventType "blitz"]

1. e4 e5 2. Nf3 d5 3. Nxe5 Bd6 4. d4 dxe4 5. Nc4 Nf6 6. Be2 O-O 7. Nxd6 Qxd6 8.
Be3 b5 9. O-O Bb7 10. Bxb5 Qb6 11. Nc3 a6 12. Bc4 Qxb2 13. Qd2 Qa3 14. Rab1 Bc6
15. d5 Rd8 16. Rfd1 Be8 17. Bd4 Nbd7 18. Qg5 Qd6 19. Nxe4 h6 20. Nxd6 hxg5 21.
Nf5 g6 22. Ne3 Ne4 23. Bd3 Ndc5 24. Bf1 Na4 25. Rb7 Nac3 26. Rd3 Bb5 27. Rxc3
Bxf1 28. Rcxc7 Rab8 29. Kxf1 Rxb7 30. Rxb7 Rc8 31. Ke2 f5 32. f3 Nc3+ 33. Kd3
Nb5 34. c4 Nd6 35. Rd7 Nf7 36. c5 f4 37. Ng4 Kf8 38. c6 a5 39. Nf2 a4 40. Ne4
a3 41. Nc5 Rb8 42. Ne6+ Kg8 43. Rb7 Re8 44. c7 Nd6 45. Rb8 Kf7 46. Nxg5+ Ke7
47. Bc5 Kd7 48. Bxd6 Re3+ 49. Kd4 Kxd6 50. c8=Q {Time forfeit} 1-0

[Event "Rated Blitz game"]
[Site "?"]
[Date "2021.07.28"]
[Round "?"]
[White "KhazeKamal"]
[Black "blastol"]
[Result "0-1"]
[WhiteElo "2301"]
[BlackElo "2468"]
[PlyCount "50"]
[EventDate "2021.??.??"]
[EventType "blitz"]

1. e4 e5 2. Nf3 d5 3. Nxe5 Bd6 4. d4 dxe4 5. Bf4 Nf6 6. Be2 O-O 7. O-O Nd5 8.
Bg3 e3 9. c4 exf2+ 10. Rxf2 Ne3 11. Qd3 Bxe5 12. Bxe5 Ng4 13. Bxg4 Bxg4 14. Qg3
f6 15. Qxg4 fxe5 16. Qe6+ Kh8 17. Rxf8+ Qxf8 18. Qxe5 Nc6 19. Qxc7 Qb4 20. Na3
Qxb2 21. Re1 Rf8 22. Qf7 Qxd4+ 23. Kh1 Qd8 24. Qxb7 Qd2 25. Nc2 Qxe1+ {Normal}
0-1

[Event "Rated Blitz game"]
[Site "?"]
[Date "2021.07.28"]
[Round "?"]
[White "Davigator"]
[Black "pasha1984"]
[Result "1-0"]
[WhiteElo "2417"]
[BlackElo "2368"]
[PlyCount "109"]
[EventDate "2021.??.??"]
[EventType "blitz"]

1. e4 e5 2. Nf3 d5 3. Nxe5 dxe4 4. d4 Bd6 5. Nc4 Nc6 6. Be3 Nf6 7. Be2 O-O 8.
Nc3 Bb4 9. O-O Bxc3 10. bxc3 Nd5 11. Bd2 f5 12. Ne3 Nf4 13. Bc4+ Kh8 14. Bb3
Qg5 15. g3 Qg6 16. Nd5 Nxd5 17. Bxd5 Ne7 18. Bb3 f4 19. Bc4 Bg4 20. Qb1 b6 21.
Re1 Bf3 22. Qb5 fxg3 23. fxg3 Nf5 24. Bf4 Nxd4 25. cxd4 Rxf4 26. Qe5 Raf8 27.
Qxc7 h5 28. Kf2 R4f6 29. Re3 Bd1+ 30. Ke1 Bxc2 31. Kd2 Rc6 32. Qe7 Rf2+ 33. Be2
Bd3 34. Ke1 Rxe2+ 35. Rxe2 Bxe2 36. Kxe2 Rc2+ 37. Kd1 e3 38. Qxe3 Rxh2 39. Rc1
Qg4+ 40. Ke1 Rh1+ 41. Kd2 Rh2+ 42. Kc3 Qc8+ 43. Kb3 Qg8+ 44. Ka3 Qxa2+ 45. Kb4
Qb2+ 46. Kc4 Rc2+ 47. Rxc2 Qxc2+ 48. Kd5 Qa2+ 49. Kd6 Qf7 50. Qg5 Qf6+ 51. Qxf6
gxf6 52. Ke6 a5 53. d5 a4 54. d6 a3 55. d7 {Time forfeit} 1-0

[Event "Rated Blitz game"]
[Site "?"]
[Date "2021.07.28"]
[Round "?"]
[White "mutman"]
[Black "blastol"]
[Result "1-0"]
[WhiteElo "2381"]
[BlackElo "2468"]
[PlyCount "99"]
[EventDate "2021.??.??"]
[EventType "blitz"]

1. e4 e5 2. Nf3 d5 3. Nxe5 Bd6 4. d4 dxe4 5. Nc4 h6 6. Nc3 Nf6 7. Nxd6+ Qxd6 8.
Bc4 Nc6 9. O-O Qxd4 10. Qxd4 Nxd4 11. Bf4 Nxc2 12. Rac1 Nd4 13. Bxc7 Be6 14.
Bxe6 Nxe6 15. Be5 Ng4 16. Bg3 f5 17. h3 Nf6 18. Be5 O-O 19. Rfd1 Rad8 20. Ne2
Nd5 21. Nd4 Nef4 22. g3 Nxh3+ 23. Kg2 Ng5 24. Rc5 Rfe8 25. Bf4 Nxf4+ 26. gxf4
Nf3 27. Rc4 Nxd4 28. Rcxd4 Rxd4 29. Rxd4 Re7 30. Rd5 g6 31. Rd6 Kf7 32. Kf1 h5
33. a4 Kg7 34. b4 Kh6 35. b5 h4 36. Kg2 Kh5 37. a5 Kg4 38. a6 bxa6 39. bxa6 Rg7
40. Rd8 g5 41. fxg5 Rg6 42. Rh8 Rxa6 43. Rh6 h3+ 44. Kh2 Ra2 45. g6 Rxf2+ 46.
Kh1 e3 47. g7 e2 48. g8=Q+ Kf3 49. Rxh3+ Kf4 50. Qg3+ {Normal} 1-0

[Event "Rated Blitz game"]
[Site "?"]
[Date "2021.07.28"]
[Round "?"]
[White "RafaelCabral"]
[Black "Taabling"]
[Result "1/2-1/2"]
[WhiteElo "2344"]
[BlackElo "2449"]
[PlyCount "139"]
[EventDate "2021.??.??"]
[EventType "blitz"]

1. e4 e5 2. Nf3 d5 3. Nxe5 Bd6 4. d4 dxe4 5. Bc4 Bxe5 6. Qh5 Qe7 7. Qxe5 Qxe5
8. dxe5 Nc6 9. Bf4 Nge7 10. Bb5 Bd7 11. Nc3 O-O-O 12. O-O-O Ng6 13. Bg3 Ncxe5
14. Bxd7+ Rxd7 15. Nxe4 Rhd8 16. h4 Nc4 17. b3 Nb6 18. h5 Nf8 19. Bh4 Rxd1+ 20.
Rxd1 Rxd1+ 21. Kxd1 h6 22. c4 Ne6 23. Kd2 Nd7 24. g3 Ne5 25. f4 Nf3+ 26. Ke3
Nxh4 27. gxh4 Kd7 28. f5 Nd8 29. f6 gxf6 30. Nxf6+ Ke6 31. Ng4 f5 32. Nxh6 Kf6
33. Kf4 Ne6+ 34. Kf3 Ng7 35. Ng8+ Kf7 36. Nh6+ Kf6 37. Ng8+ Kf7 38. Nh6+ Ke6
39. Kf4 Nxh5+ 40. Kg5 Ng3 41. Kf4 Nh5+ 42. Kg5 Nf6 43. Nxf5 Ke5 44. Ng3 a5 45.
h5 Nh7+ 46. Kg6 Nf8+ 47. Kg7 Ne6+ 48. Kg8 Ng5 49. h6 c6 50. Kg7 b5 51. cxb5
cxb5 52. Nh5 Ne6+ 53. Kg8 Ng5 54. Ng7 Kf6 55. h7 Nxh7 56. Kxh7 Ke5 57. Kg6 Kd4
58. Kf5 Kc3 59. Ke4 b4 60. Ne6 Kb2 61. Kd3 Kxa2 62. Nc5 Kb2 63. Kc4 Ka3 64. Nd3
a4 65. Nxb4 axb3 66. Nd3 Ka4 67. Kc3 Ka3 68. Kd2 Ka2 69. Kc3 b2 70. Nxb2 {
Normal} 1/2-1/2

[Event "Rated Blitz game"]
[Site "?"]
[Date "2021.07.28"]
[Round "?"]
[White "Kovalchuk94"]
[Black "Dzon_Vejn"]
[Result "1-0"]
[WhiteElo "2679"]
[BlackElo "2498"]
[PlyCount "123"]
[EventDate "2021.??.??"]
[EventType "blitz"]

1. e4 e5 2. Nf3 d5 3. exd5 e4 4. Qe2 Nf6 5. d3 Qxd5 6. Nbd2 Bb4 7. c3 Nc6 8.
Nxe4 Be7 9. Nxf6+ gxf6 10. g3 Bg4 11. Bg2 O-O-O 12. d4 Rhe8 13. O-O Bd6 14. Be3
Qh5 15. Rae1 f5 16. h3 Bxh3 17. Bxh3 Qxh3 18. Ng5 Qg4 19. Qxg4 fxg4 20. Nxf7
Rd7 21. Nxd6+ Rxd6 22. Kg2 h6 23. Rh1 Ree6 24. Bd2 Rxe1 25. Rxe1 Kd7 26. Rh1
Re6 27. Kf1 Ne7 28. Rxh6 Rxh6 29. Bxh6 Ke6 30. Ke2 Kf5 31. Kd3 Nd5 32. Bd2 Nf6
33. Ke3 Nd5+ 34. Kd3 b5 35. b3 c6 36. c4 bxc4+ 37. bxc4 Nf6 38. a4 a6 39. Be3
Ke6 40. Ke2 Kf5 41. f3 Ke6 42. fxg4 Nxg4 43. Kf3 Kf5 44. Bg1 Nf6 45. Be3 Ng4
46. Bf4 Nf6 47. Ke3 Ng4+ 48. Kd3 Nf6 49. Kc3 Ne4+ 50. Kb4 Ke6 51. Ka5 Kd7 52.
Kxa6 Nf2 53. Kb6 Nd3 54. a5 Nb4 55. a6 Nxa6 56. Kxa6 c5 57. dxc5 Kc6 58. Bd6
Kd7 59. Kb5 Ke6 60. g4 Kd7 61. g5 Ke8 62. g6 {Time forfeit} 1-0

[Event "Rated Blitz game"]
[Site "?"]
[Date "2021.07.28"]
[Round "?"]
[White "Lieselott"]
[Black "alaeldin1212"]
[Result "1/2-1/2"]
[WhiteElo "2408"]
[BlackElo "2337"]
[PlyCount "146"]
[EventDate "2021.??.??"]
[EventType "blitz"]

1. e4 e5 2. Nf3 d5 3. Nxe5 Bd6 4. d4 dxe4 5. Nc4 Nf6 6. Nc3 O-O 7. Be2 Nc6 8.
O-O Nxd4 9. Bg5 Re8 10. Re1 Bf5 11. h3 e3 12. Nxe3 Rxe3 13. Bxe3 Nxc2 14. Nb5
Nxa1 15. Qxa1 a6 16. Nd4 Be4 17. Qc1 Nd5 18. Bg5 f6 19. Bd2 Nb6 20. Bc4+ Bd5
21. Bxd5+ Nxd5 22. Qc4 c6 23. Nf5 Be5 24. Qg4 g6 25. Nh6+ Kg7 26. h4 Qc8 27.
Qf3 Qd7 28. h5 Re8 29. Ng4 Bxb2 30. Bh6+ Kf7 31. Rb1 Qf5 32. hxg6+ Kxg6 33.
Rxb2 Re1+ 34. Kh2 Qh5+ 35. Qh3 Qxh3+ 36. gxh3 f5 37. Bd2 Re2 38. Ne3 Nxe3 39.
Bc3 Rxb2 40. Bxb2 Nd1 41. Bd4 b5 42. Kg3 Kf7 43. Kf3 Ke6 44. Ke2 Kd5 45. Bg7
Ke4 46. Kxd1 Kf3 47. Ke1 h5 48. h4 c5 49. Be5 Kg4 50. Bf6 b4 51. Ke2 c4 52. f3+
Kg3 53. Ke3 f4+ 54. Ke2 a5 55. Bd8 a4 56. Ba5 b3 57. Be1+ Kh3 58. axb3 cxb3 59.
Kd3 a3 60. Kc3 b2 61. Kc2 Kg2 62. Bb4 Kxf3 63. Bxa3 Ke2 64. Bxb2 f3 65. Bd4 f2
66. Bxf2 Kxf2 67. Kd2 Kg3 68. Ke2 Kxh4 69. Kf1 Kh3 70. Kg1 h4 71. Kh1 Kg3 72.
Kg1 h3 73. Kh1 h2 {Normal} 1/2-1/2

[Event "Rated Blitz game"]
[Site "?"]
[Date "2021.07.28"]
[Round "?"]
[White "Syarif_Mahmud"]
[Black "Taabling"]
[Result "1/2-1/2"]
[WhiteElo "2434"]
[BlackElo "2450"]
[PlyCount "68"]
[EventDate "2021.??.??"]
[EventType "blitz"]

1. e4 e5 2. Nf3 d5 3. d4 dxe4 4. Nxe5 Bd6 5. Nc4 Nf6 6. Be2 Nc6 7. Nc3 Bb4 8.
Be3 O-O 9. O-O Bxc3 10. bxc3 Nd5 11. Qd2 f5 12. f4 Be6 13. Ne5 Nxe5 14. fxe5
Nxe3 15. Qxe3 c5 16. Rad1 cxd4 17. cxd4 Qb6 18. c4 Rfd8 19. c5 Qc7 20. g4 fxg4
21. Qxe4 Bd5 22. Qxg4 Rf8 23. Bd3 Qc6 24. Rxf8+ Rxf8 25. Rf1 Rxf1+ 26. Kxf1 g6
27. Qg5 Be6 28. Qe7 Qf3+ 29. Ke1 Qe3+ 30. Be2 Qc1+ 31. Kf2 Qf4+ 32. Ke1 Qc1+
33. Kf2 Qf4+ 34. Ke1 Qc1+ {Normal} 1/2-1/2

[Event "Rated Blitz game"]
[Site "?"]
[Date "2021.07.28"]
[Round "?"]
[White "stachista"]
[Black "mirekkk14"]
[Result "1-0"]
[WhiteElo "2507"]
[BlackElo "2422"]
[PlyCount "89"]
[EventDate "2021.??.??"]
[EventType "blitz"]

1. e4 e5 2. Nf3 d5 3. exd5 e4 4. Qe2 Nf6 5. d3 Be7 6. dxe4 O-O 7. Nc3 c6 8. Bg5
Nxd5 9. Bxe7 Nxe7 10. Qe3 f5 11. Bc4+ Kh8 12. O-O fxe4 13. Nxe4 Nf5 14. Qb3 b5
15. Be6 a5 16. a4 bxa4 17. Rxa4 Na6 18. Nfg5 Nd4 19. Qh3 h6 20. Bxc8 Rxc8 21.
Nf7+ Rxf7 22. Rxd4 Qxd4 23. Qxc8+ Kh7 24. Re1 Nc5 25. Qxc6 Re7 26. c3 Rxe4 27.
Rf1 Qe5 28. b4 axb4 29. cxb4 Ne6 30. b5 Nf4 31. Qc2 g6 32. b6 Rb4 33. g3 Ne6
34. Rd1 Qe4 35. Rd7+ Ng7 36. Qxe4 Rxe4 37. b7 Rb4 38. Kg2 h5 39. Rc7 Kh6 40. h3
Nf5 41. f4 Nd4 42. g4 Rb2+ 43. Kg3 Rb3+ 44. Kh4 Nb5 45. g5# {Normal} 1-0

[Event "Rated Blitz game"]
[Site "?"]
[Date "2021.07.28"]
[Round "?"]
[White "Seriosha"]
[Black "Engvangchess"]
[Result "0-1"]
[WhiteElo "2407"]
[BlackElo "2367"]
[PlyCount "154"]
[EventDate "2021.??.??"]
[EventType "blitz"]

1. e4 e5 2. Nf3 d5 3. exd5 e4 4. Qe2 Qe7 5. Nd4 Nf6 6. Nc3 Bg4 7. Qb5+ Nbd7 8.
Qxb7 Rb8 9. Qxc7 Qc5 10. Qxc5 Bxc5 11. Nc6 Rc8 12. Bc4 Nb6 13. Bb3 Nbxd5 14.
Nxa7 Bxa7 15. Nxd5 Nxd5 16. Bxd5 Rxc2 17. Bxe4 Rc7 18. O-O O-O 19. d3 Rd8 20.
Be3 Bxe3 21. fxe3 g6 22. Rfc1 Ra7 23. Rc3 Rb8 24. b3 Be6 25. d4 Rxb3 26. Rxb3
Bxb3 27. a3 Kg7 28. h4 Kf6 29. Kf2 Ke6 30. Bf3 f5 31. Kg3 Bd5 32. a4 Bxf3 33.
gxf3 Ra5 34. e4 Kf6 35. Kf4 h6 36. d5 g5+ 37. hxg5+ hxg5+ 38. Ke3 Ke5 39. Ra2
g4 40. f4+ Kd6 41. exf5 Kxd5 42. Rd2+ Kc6 43. Rd4 Rxf5 44. Kf2 Rf8 45. Kg3 Rg8
46. f5 Rg5 47. Rf4 Kd7 48. Kh4 Rg8 49. Rxg4 Ra8 50. Rf4 Ke7 51. f6+ Kf7 52. Kg3
Ra6 53. Kf3 Re6 54. Rf5 Re1 55. a5 Rf1+ 56. Ke4 Re1+ 57. Kd4 Rc1 58. Rc5 Ra1
59. Kc4 Kxf6 60. Kb5 Ke7 61. Rd5 Ke6 62. Rd2 Ke7 63. Kb6 Rb1+ 64. Ka7 Rb5 65.
a6 Rb4 66. Rd5 Rb3 67. Rh5 Kd7 68. Rh7+ Kc8 69. Rb7 Ra3 70. Rb4 Rc3 71. Rg4 Kc7
72. Rg7+ Kc8 73. Rg5 Kc7 74. Rg7+ Kc8 75. Rb7 Ra3 76. Rb4 Ra2 77. Rc4+ Kd7 {
Time forfeit} 0-1

[Event "Rated Blitz game"]
[Site "?"]
[Date "2021.07.28"]
[Round "?"]
[White "vikstefan"]
[Black "alaeldin1212"]
[Result "0-1"]
[WhiteElo "2403"]
[BlackElo "2349"]
[PlyCount "130"]
[EventDate "2021.??.??"]
[EventType "blitz"]

1. e4 e5 2. Nf3 d5 3. Nxe5 Bd6 4. d4 dxe4 5. Nc4 Nf6 6. Nc3 Nc6 7. Bg5 O-O 8.
Be2 Re8 9. Nd5 Bb4+ 10. Nxb4 Nxb4 11. Qd2 c5 12. O-O-O b5 13. dxc5 Qxd2+ 14.
Bxd2 Nxa2+ 15. Kb1 bxc4 16. Kxa2 Be6 17. Ba5 Bg4 18. Bxg4 Nxg4 19. Rd2 Rac8 20.
h3 Ne5 21. Rd5 Ng6 22. Bc3 Nf4 23. Rf5 Ne6 24. Bb4 Nd4 25. Rd5 Nxc2 26. Bc3 e3
27. fxe3 Nxe3 28. Rd7 Rxc5 29. Rxa7 Rc6 30. Re1 Rce6 31. Rc7 f6 32. Re2 Nd5 33.
Rxe6 Rxe6 34. Rxc4 Re2 35. g4 Re3 36. h4 Nxc3+ 37. bxc3 h5 38. gxh5 Kh7 39. Rc7
Rh3 40. c4 Rxh4 41. Kb3 Rxh5 42. c5 Rh3+ 43. Kb4 Rh1 44. Kb5 Rb1+ 45. Kc6 Kg6
46. Rd7 f5 47. Rd4 Rc1 48. Kd5 Kf6 49. Rc4 Rd1+ 50. Kc6 Rd8 51. Kc7 Rh8 52. c6
g5 53. Kd6 f4 54. c7 Rc8 55. Kd7 Rxc7+ 56. Kxc7 f3 57. Kd6 Kf5 58. Kd5 f2 59.
Rc1 Kf4 60. Kd4 g4 61. Kd3 Kf3 62. Kd2 g3 63. Ra1 g2 64. Ra3+ Ke4 65. Ra4+ Kd5
{Normal} 0-1

[Event "Rated Blitz game"]
[Site "?"]
[Date "2021.07.28"]
[Round "?"]
[White "Rama75"]
[Black "rofaidah"]
[Result "1-0"]
[WhiteElo "2510"]
[BlackElo "2477"]
[PlyCount "55"]
[EventDate "2021.??.??"]
[EventType "blitz"]

1. e4 e5 2. Nf3 d5 3. exd5 e4 4. Qe2 Nf6 5. d3 Bf5 6. Nbd2 Qxd5 7. Nh4 Bg6 8.
Nxg6 hxg6 9. Nxe4 Nxe4 10. Qxe4+ Qxe4+ 11. dxe4 Bd6 12. Be3 Nd7 13. O-O-O a6
14. Be2 Nf6 15. Bd4 O-O-O 16. e5 Rde8 17. exf6 Rxe2 18. fxg7 Rg8 19. Rde1 Rxe1+
20. Rxe1 Kd7 21. Bf6 c5 22. Re4 b5 23. Rh4 Be7 24. Rh8 Bxf6 25. Rxg8 Ke7 26.
Re8+ Kxe8 27. g8=Q+ Ke7 28. Qc8 {Time forfeit} 1-0

[Event "Rated Blitz game"]
[Site "?"]
[Date "2021.07.28"]
[Round "?"]
[White "Alejandropacheco29"]
[Black "Schachelite"]
[Result "0-1"]
[WhiteElo "2444"]
[BlackElo "2511"]
[PlyCount "42"]
[EventDate "2021.??.??"]
[EventType "blitz"]

1. e4 e5 2. Nf3 d5 3. exd5 e4 4. Qe2 Nf6 5. d3 Qxd5 6. Nbd2 Nc6 7. Nxe4 Be6 8.
Bf4 O-O-O 9. a3 Bg4 10. h3 Nd4 11. Qd1 Bxf3 12. gxf3 Nh5 13. Be3 f5 14. Nc3
Nxf3+ 15. Ke2 Nd4+ 16. Bxd4 Qxh1 17. Kd2 Rxd4 18. Qxh5 g6 19. Qg5 h5 20. Qf6
Bh6+ 21. Ke1 Rdd8 {Time forfeit} 0-1